00939nam a22002657a 45000010005000000030006000050050017000110080041000280200018000690400029000870500016001160820012001321000026001442450058001702500018002282600043002463000061002895050008003505200085003585210020004435210020004636500065004836500052005486500073006009247FISKH20251204153419.0251204b cb ||||| |||| 00| 0 eng d a9780517885772 aFISKHbengcFISKHdFISKH aE185.K5 R56 a323.092 aRinggold​ , Faith  aMy dream of Martin Lutcher king / cBy Faith Ringgold aFirst Edition aNew York : bDragonfly Books, c1995 . a32 unnumbered pages : bcolor illustrations ; c31 cm .  aZ  aThe author recounts the life of Martin Luther King in the form of her own dream.8 a990 bLexile 8 aZ bRaz-Plus  aKing , Martin Luther , Jr ., 1929-1968vJuvenile Literature  aAfro-Americans-Biography vJuvenile Literature  aCivil rights workers-United States - BiographyvJuvenile Literature